000 003220000a22001450004500
003 MACL
040 _aMACL
090 _c44862
_d44860
100 _aDogra, Ramesh Chander
245 _aThe Sikh World
260 _bUBS Publishers Distributors Ltd
_c2003
350 _a595
650 _aReligion
942 _cBOOK
_k294.6/DOG
999 _c44405
_d44405